|
|
|
|
| LEADER |
01092nam a2200253 4500 |
| 001 |
10112250 |
| 003 |
upatras |
| 005 |
20210117204945.0 |
| 008 |
140311s1945 gr gre |
| 040 |
|
|
|a GR-PaULI
|e AACR2
|c GR-PaULI
|
| 041 |
0 |
|
|a gre
|
| 082 |
0 |
4 |
|a 920.02
|
| 100 |
0 |
|
|a Churchill, Winston,
|c Sir
|d 1874-1965
|4 aut
|9 61369
|
| 240 |
0 |
0 |
|a Great contemporaries
|
| 245 |
1 |
0 |
|a Οι μεγάλοι σύγχρονοι
|c Ου΅ινστον Τσώρτσιλ
|
| 260 |
|
|
|a Αθήναι
|b Τυπογραφεία Πυρσού
|c 1945
|
| 300 |
|
|
|a 282 σ.
|c 21 εκ.
|
| 650 |
|
4 |
|a Βιογραφία
|y 20ός αιώνας
|9 30682
|
| 651 |
|
4 |
|a Μεγάλη Βρετανία
|x Βιογραφία
|9 137255
|
| 852 |
|
|
|a GR-PaULI
|b ΠΑΤΡΑ
|b ΒΚΠ
|b ΑΝΤ
|k ΟΧΙΔ
|h 920.02 CHU
|m 048974
|p 025000064762
|t 1
|
| 942 |
|
|
|2 ddc
|c BKN
|
| 952 |
|
|
|0 0
|1 0
|4 0
|6 920_020000000000000_CHU
|7 0
|9 164241
|a LISP
|b LISP
|c DON
|d 2016-04-24
|i 048974
|l 0
|o 920.02 CHU
|p 025000064762
|r 2016-04-24 00:00:00
|t 1
|w 2016-04-24
|y BKN
|
| 998 |
|
|
|c ΜΠΟΥΡΑΣ
|d 2014-03
|
| 999 |
|
|
|c 103007
|d 103007
|